5HLuxD.jpg

KING HENRY VIII SENIOR AND PRIMARY SCHOOL LIBRARY OPAC

Checkpoint science. (Record no. 1136)

000 -LEADER
fixed length control field 01060nam a2200325 a 4500
001 - CONTROL NUMBER
control field 019282686
003 - CONTROL NUMBER IDENTIFIER
control field UkOxU
005 - DATE AND TIME OF LATEST TRANSACTION
control field 20211129083310.0
008 - FIXED-LENGTH DATA ELEMENTS--GENERAL INFORMATION
fixed length control field 110509m20112013enka 000 0 eng d
015 ## - NATIONAL BIBLIOGRAPHY NUMBER
National bibliography number GBB162274
Source bnb
020 ## - INTERNATIONAL STANDARD BOOK NUMBER
International Standard Book Number 9781444143782 (Student's book) :
020 ## - INTERNATIONAL STANDARD BOOK NUMBER
International Standard Book Number 1444143786 (Student's book) :
035 ## - SYSTEM CONTROL NUMBER
System control number (Uk)015813905
035 ## - SYSTEM CONTROL NUMBER
System control number (StEdALDL)1/2611612
040 ## - CATALOGING SOURCE
Original cataloging agency StDuBDS
Language of cataloging eng
Transcribing agency StDuBDS
Modifying agency UkOxU
049 ## - LOCAL HOLDINGS (OCLC)
Holding library CROBAR
082 04 - DEWEY DECIMAL CLASSIFICATION NUMBER
Classification number 500 RIL
Edition number 22
100 1# - MAIN ENTRY--PERSONAL NAME
Personal name Riley, Peter D.
245 10 - TITLE STATEMENT
Title Checkpoint science.
Number of part/section of a work 3 /
Statement of responsibility, etc. Peter D. Riley.
250 ## - EDITION STATEMENT
Edition statement New ed.
260 ## - PUBLICATION, DISTRIBUTION, ETC.
Place of publication, distribution, etc. London :
Name of publisher, distributor, etc. Hodder Education,
Date of publication, distribution, etc. 2011-2013.
300 ## - PHYSICAL DESCRIPTION
Extent 3 v. :
Other physical details ill. ;
Dimensions 28 cm.
490 1# - SERIES STATEMENT
Series statement Cambridge checkpoint
500 ## - GENERAL NOTE
General note "Endorsed by University of Cambridge International Examinations".
505 0# - FORMATTED CONTENTS NOTE
Formatted contents note Student's book -- Teacher's resource book.
650 #0 - SUBJECT ADDED ENTRY--TOPICAL TERM
Topical term or geographic name entry element Science
General subdivision Study and teaching.
710 2# - ADDED ENTRY--CORPORATE NAME
Corporate name or jurisdiction name as entry element University of Cambridge.
Subordinate unit Local Examinations Syndicate.
-- International Examinations.
830 #0 - SERIES ADDED ENTRY--UNIFORM TITLE
Uniform title Cambridge checkpoint.
942 ## - ADDED ENTRY ELEMENTS (KOHA)
Source of classification or shelving scheme
Koha item type Books - Non Ficton
Holdings
Withdrawn status Lost status Source of classification or shelving scheme Damaged status Not for loan Collection code Permanent Location Current Location Shelving location Date acquired Full call number Barcode Date last seen Copy number Price effective from Koha item type
          Non-Fiction KH8 Senior School Library KH8 Senior School Library Non Fiction 2021-11-29 500 RIL 3KHSL000101861 2021-11-29 1 2021-11-29 Books - Non Ficton

Powered By KH8 IT Dept